| 000 | 01051nam a2200229Ia 4500 | ||
|---|---|---|---|
| 003 | Ost | ||
| 005 | 20260507075802.0 | ||
| 008 | 260507s9999||||xx |||||||||||||| ||und|| | ||
| 020 | _a9789947343173 | ||
| 040 | _cfsecg | ||
| 041 | _aara | ||
| 082 | _a350.1 | ||
| 100 |
_aبلعيد، محند شريف _eمؤلف |
||
| 245 | 0 |
_aتسيير الموارد البشرية / _c محند شريف بلعيد |
|
| 260 |
_aالجزائر : _bالصفحات الزرقاء, |
||
| 300 |
_a218 صفحة؛ _bإيضاحات ؛ _c24 سم |
||
| 520 | _aيضم التخطيط للموارد البشرية، التوظيف أو التشغيل، الأستقبال والإدماج، سياسة الأجور، التكوين، الإشراف والـتأطير، تقييم المردودية ، التدابير التأدبية الإجراءات، الصحة والأمن في العمل، إعداد دليل الموظف. | ||
| 653 | _aإدارة الأعمال | ||
| 653 | _aإدارة الأفراد | ||
| 653 | _aالتخطيط | ||
| 942 | _cكتاب | ||
| 999 |
_c46307 _d46307 |
||